Statistics for D. H. Lawrence Bibliography

Click here to take the quiz!

General Stats

  • This quiz has been taken 10 times
  • The average score is 5 of 407

Answer Stats

TypeYearName% Correct
Novel1928Lady Chatterley's Lover
89%
Novel1915The Rainbow
78%
Novel1913Sons and Lovers
67%
Novel1920Women in Love
67%
Novel1926The Plumed Serpent
33%
Short Story1926The Rocking-Horse Winner
22%
Novel1922Aaron's Rod
11%
Short Story Collection1994Collected Stories
11%
Poem1918Gipsy
11%
Novel | Poem1923Kangaroo
11%
Non-Fiction Book1936Phoenix: The Posthumous Papers of D.H. Lawrence
11%
Travel Book1921Sea and Sardinia
11%
Poem1923Snake
11%
Novella1929The Escaped Cook
11%
Novella1923The Fox
11%
Poem1917The Sea
11%
Novel1911The White Peacock
11%
Poem1916A Baby Asleep After Pain
0%
Poem1916A Baby Running Barefoot
0%
Poem1917A Bad Beginning
0%
Play1934A Collier's Friday Night
0%
Poem1913A Collier's Wife
0%
Poem1917A Doe at Evening
0%
Short Story1914A Fragment of Stained Glass
0%
Poem1916After Many Days
0%
Poem1913Afternoon in School
0%
Poem1919After the Opera
0%
Poem1917All Souls
0%
Poem1923Almond Blossom
0%
Poem1916A Love Song
0%
Poetry Collection1916Amores
0%
Poem1917"And Oh - That the Man I Am Might Cease to Be-"
0%
Poem1916Anxiety
0%
Poem1913A Pang of Reminiscence
0%
Poem1916A Passing Bell
0%
Non-Fiction Book1931Apocalypse and the Writings on Revelation
0%
Poem1918Apprehension
0%
Non-Fiction Book1929A Propos of Lady Chatterley's Lover
0%
Poem1929A Sane Revolution
0%
Short Story1914A Sick Collier
0%
Poem1913A Snowy Day in School
0%
Poem1916A Spiritual Woman
0%
Poem1929A Tale Told by an Idiot
0%
Poem1916At the Window
0%
Poem1923Autumn in Taos
0%
Poem1917Autumn Rain
0%
Poem1918Autumn Sunshine
0%
Poem1913Aware
0%
Poem1913A White Blossom
0%
Poem1916A Winter's Tale
0%
Poem1917A Young Wife
0%
Poem1917A Youth Mowing
0%
Poem1921Baby Tortoise
0%
Poem1916Ballad of Another Ophelia
0%
Poem1917Ballad of a Wilful Woman
0%
Poem1923Bare Almond Trees
0%
Poem1923Bare Fig Trees
0%
Poem1923Bat
0%
Poetry Collection1919Bay: A Book of Poems
0%
Poem1929Be a Demon!
0%
Poem1929Beautiful Old Age
0%
Poem1913Bei Hennef
0%
Poem1929Being Alive
0%
Poem1923Bibbles
0%
Poem1918Birdcage Walk
0%
Poetry Collection1923Birds, Beasts and Flowers
0%
Poem1917Birth Night
0%
Poem1918Bitterness of Death
0%
Poem1916Blue
0%
Poem1919Bombardment
0%
Poem1917Both Sides of the Medal
0%
Poem1919Bread Upon the Waters
0%
Poem1916Brooding Grief
0%
Poem1916Brother and Sister
0%
Poem1913Cherry Robbers
0%
Poem1913Coldness in Love
0%
Poem1918Coming Awake
0%
Poem1913Corot
0%
Poem1929Courage
0%
Poem1917Craving for Spring
0%
Poem1913Cruelty and Love
0%
Poem1923Cypresses
0%
Short Story1914Daughters of the Vicar
0%
Play1926David
0%
Poem1918Débâcle
0%
Poem1917December Night
0%
Poem1929Desire Is Dead
0%
Poem1929Destiny
0%
Poetry Collection1972D.H. Lawrence: Selected Poems
0%
Poem1929Dies Irae
0%
Poem1916Discipline
0%
Poem1916Discord in Childhood
0%
Poem1916Dissolute
0%
Poem1913Dog-Tired
0%
Poem1916Dolor of Autumn
0%
Poem1917Don Juan
0%
Poem1913Dream-Confused
0%
Poem1916Dreams Nascent
0%
Poem1916Dreams Old
0%
Poem1916Drunk
0%
Poem1923Eagle in New Mexico
0%
Poem1916 | 1917Elegy
0%
Poem1923Elephant
0%
Poem1917Elysium
0%
Poem1918Embankment at Night: Charity
0%
Poem1918Embankment at Night: Outcasts
0%
Poem1913End of Another Home-Holiday
0%
Short Story1922England, My England
0%
Short Story Collection1922England, My England and Other Stories
0%
Poem1916Epilogue
0%
Poem1918Everlasting Flowers
0%
Poem1916Excursion
0%
Short Story1922Fanny and Annie
0%
Poem1923Fig
0%
Poem1940Fire
0%
Poetry Collection1940Fire and Other Poems
0%
Poem1917Fireflies in the Corn
0%
Poem1916Firelight and Nightfall
0%
Poem1917First Morning
0%
Poem1923Fish
0%
Poem1918Flapper
0%
Poem1918Flat Suburbs, S.W., in the Morning
0%
Poem1917Forsaken and Forlorn
0%
Poem1917Frohnleichnam
0%
Poem1918From a College Window
0%
Poem1917Frost Flowers
0%
Poem1917Giorno dei Morti
0%
Poem1929Give Us Gods
0%
Short Story1928Glad Ghosts
0%
Poem1917Gloire de Dijon
0%
Poem1919Going Back
0%
Poem1929Good Husbands Make Unhappy Wives
0%
Short Story1914Goose Fair
0%
Poem1923Grapes
0%
Poem1917Green
0%
Poem1916Grey Evening
0%
Poem1919Guards
0%
Poem1923He-Goat
0%
Poem1918Heimweh
0%
Poem1923Hibiscus and Salvia Flowers
0%
Poem1917History
0%
Poem1929How Beastly the Bourgeois Is
0%
Poem1917Humiliation
0%
Poem1923Humming-Bird
0%
Poem1918Hyde Park at Night: Clerks
0%
Poem1917Hymn to Priapus
0%
Poem1917I Am Like a Rose
0%
Poem1916In a Boat
0%
Poem1918In Church
0%
Short Story1928In Love
0%
Poem1917In the Dark
0%
Poem1918Intime
0%
Non-Fiction Book2004Introductions and Reviews
0%
Poem1916In Trouble and Shame
0%
Poem1916Irony
0%
Short Story1928Jimmy and the Desperate Woman
0%
Poem1929Kill Money
0%
Poem1913Kisses in the Train
0%
Poem1929Know Thyself, and That Thou Art Mortal
0%
Poem1917Lady Wife
0%
Poem1919Last Hours
0%
Poetry Collection1932Last Poems
0%
Poem1916Last Words to Miriam
0%
Essay Collection2004Late Essays and Articles
0%
Poem1918Letter from Town: On a Grey Evening in March
0%
Poem1918Letter from Town: The Almond Tree
0%
Poem1929Let the Dead Bury Their Dead
0%
Poem1929Let Us Be Men
0%
Poem1916Liaison
0%
Poem1913Lightning
0%
Poem1913Lilies in the Fire
0%
Poem1916Listening
0%
Poem1917Loggerheads
0%
Poetry Collection1917Look! We Have Come Through!
0%
Poem1916Lotus Hurt by the Cold
0%
Short Story1930Love Among the Haystacks
0%
Short Story Collection1930Love Among the Haystacks and Other Stories
0%
Poetry Collection1913Love Poems and Others
0%
Poem1918Love Storm
0%
Poem1921Lui et Elle
0%
Poem1916Malade
0%
Poem1923Man and Bat
0%
Poem1917Manifesto
0%
Poem1917Martyr à la Mode
0%
Poem1916Mating
0%
Poem1923Medlars and Sorb-Apples
0%
Poem1923Men in New Mexico
0%
Poem1913Michael-Angelo
0%
Poem1917Misery
0%
Short Story1922Monkey Nuts
0%
Poem1916Monologue of a Mother
0%
Poem1917Moonrise
0%
Essay Collection1927Mornings in Mexico and Other Essays
0%
Poem1913Morning Work
0%
Poem1923Mosquito
0%
Short Story1929Mother and Daughter
0%
Poem1923Mountain Lion
0%
Textbook1921Movements in European History
0%
Poem1917Mutilation
0%
Poem1929My Naughty Book
0%
Poem1916Mystery
0%
Poem1918Narcissus
0%
Poetry Collection1930Nettles
0%
Poem1917New Heaven and Earth
0%
Poetry Collection1918New Poems
0%
Poem1917New Year's Eve
0%
Poem1917New Year's Night
0%
Poem1918Next Morning
0%
Poem1917Nonentity
0%
Short Story1928None of That!
0%
Poem1919Nostalgia
0%
Poem1929Now It's Happened
0%
Poem1919Obsequial Ode
0%
Short Story1914Odour of Chrysanthemums
0%
Poem1917One Woman to All Women
0%
Poem1918On That Day
0%
Poem1917On the Balcony
0%
Poem1919On the March
0%
Poem1929Our Day Is Over
0%
Poem1918Palimpsest of Twilight
0%
Poem1917Paradise Re-Entered
0%
Poem1918Parliament Hill in the Evening
0%
Poem1916Patience
0%
Poem1923Peace
0%
Poem1923Peach
0%
Poem1917People
0%
Poem1916Perfidy
0%
Poem1918Phantasmagoria
0%
Non-Fiction Book1968Phoenix II: Uncollected, Unpublished and Other Prose Works
0%
Poem1918Piano
0%
Poem1918Piccadilly Circus at Night: Street Walkers
0%
Poem1923Pomegranate
0%
Poem1929Poor Young Things
0%
Poem1923Purple Anemones
0%
Poem1917Quite Forsaken
0%
Poem1917Rabbit Snared in the Night
0%
Poem1918Reading a Letter
0%
Poem1913Red Moon-Rise
0%
Essay Collection1925Reflections on the Death of Porcupine and Other Essays
0%
Poem1929Relativity
0%
Poem1913Reminder
0%
Poem1913Renascence
0%
Poem1916Reproach
0%
Poem1913Repulsed
0%
Poem1916Restlessness
0%
Poem1913Return
0%
Poem1917River Roses
0%
Poem1919Rondeau
0%
Poem1917Rose of All the World
0%
Poem1917Roses on the Breakfast Table
0%
Poem1919Ruination
0%
Short Story1922Samson and Delilah
0%
Poem1916Scent of Irises
0%
Poem1918School on the Outskirts
0%
Short Story1914Second Best
0%
Letter Collection2008Selected Letters
0%
Poem1929Self-Pity
0%
Poem1918Seven Seals
0%
Poem1919Shades
0%
Poem1923She-Goat
0%
Poem1917She Looks Back
0%
Poem1917"She Said as Well to Me"
0%
Poem1923Sicilian Cyclamens
0%
Poem1918Sickness
0%
Poem1918Sigh No More
0%
Poem1916Silence
0%
Poem1917Sinners
0%
Essay Collection1932Sketches of Etruscan Places and Other Italian Essays
0%
Short Story1928Smile
0%
Poem1916Snap-Dragon
0%
Poem1913Song-Day in Autumn
0%
Poem1917Song of a Man Who Has Come Through
0%
Poem1917Song of a Man Who Is Not Loved
0%
Poem1916Sorrow
0%
Poem1923Southern Night
0%
Poem1923Spirits Summoned West
0%
Poem1917Spring Morning
0%
Poem1929Stand Up!
0%
Poem1923St. John
0%
Poem1923St. Luke
0%
Poem1923St. Mark
0%
Poem1923St. Matthew
0%
Novella1925St Mawr
0%
Short Story Collection1925St Mawr and Other Stories
0%
Poem1917Street Lamps
0%
Non-Fiction Book1923Studies in Classic American Literature
0%
Poem1916Study
0%
Essay Collection1914Study of Thomas Hardy and Other Essays
0%
Poem1916Submergence
0%
Poem1918Suburbs on a Hazy Day
0%
Short Story1928Sun
0%
Poem1917Sunday Afternoon in Italy
0%
Poem1929Swan
0%
Poem1918Tarantella
0%
Poem1916Tease
0%
Poem1923The American Eagle
0%
Poem1913The Appeal
0%
Poem1923The Ass
0%
Poem1919The Attack
0%
Poem1913The Best of School
0%
Short Story1922The Blind Man
0%
Poem1923The Blue Jay
0%
Short Story1928The Border-Line
0%
Novel1924The Boy in the Bush
0%
Poem1916The Bride
0%
Novella1923The Captain's Doll
0%
Short Story1914The Christening
0%
Play Collection1965The Complete Plays of D.H. Lawrence
0%
Poetry Collection1964The Complete Poems of D.H. Lawrence
0%
Play1913The Daughter-in-Law
0%
Poem1929The Death of Our Era
0%
Poem1913The Drained Cup
0%
Poem1929The Elephant is Slow to Mate
0%
Poem1916The End
0%
Poem1916The Enkindled Spring
0%
Poem1923The Evening Land
0%
Play1933The Fight for Barbara
0%
Short Story1925The Flying Fish
0%
Poem1929The Grudge of the Old
0%
Poem1916The Hands of the Betrothed
0%
Short Story1922The Horse Dealer's Daughter
0%
Poem1916The Inheritance
0%
Novella1923The Ladybird
0%
Short Story1928The Last Laugh
0%
Letter Collection1984The Letters of D. H. Lawrence, Volume III, October 1916 – June 1921
0%
Letter Collection1981The Letters of D.H. Lawrence, Volume II, June 1913 - October 1916
0%
Letter Collection1979The Letters of D.H. Lawrence, Volume I, September 1901 - May 1913
0%
Letter Collection1987The Letters of D. H. Lawrence, Volume IV, June 1921 – March 1924
0%
Letter Collection1993The Letters of D. H. Lawrence, Volume VII, November 1928 – February 1930
0%
Letter Collection1991The Letters of D. H. Lawrence, Volume VI, March 1927 – November 1928
0%
Letter Collection1989The Letters of D. H. Lawrence, Volume V, March 1924 – March 1927
0%
Letter Collection2001The Letters of D. H. Lawrence, with index, Volume VIII
0%
Poem1919The Little Town at Evening
0%
Novel1920The Lost Girl
0%
Short Story1928The Lovely Lady
0%
Short Story Collection1932The Lovely Lady and Other Tales
0%
Short Story1928The Man Who Loved Islands
0%
Play1940The Married Man
0%
Play1941The Merry-Go-Round
0%
Poem1916The Mystic Blue
0%
Poem1918The North Country
0%
Poem1929The Optimist
0%
Short Story1925The Overtone
0%
Play Collection1999The Plays
0%
Short Story1922The Primrose Path
0%
Short Story1925The Princess
0%
Poem1916The Prophet
0%
Short Story1914The Prussian Officer
0%
Short Story Collection1914The Prussian Officer and Other Stories
0%
Poem1916The Punisher
0%
Poem1923The Red Wolf
0%
Poem1923The Revolutionary
0%
Letter Collection1997The Selected Letters of D.H. Lawrence
0%
Short Story1914The Shades of Spring
0%
Short Story1914The Shadow in the Rose Garden
0%
Short Story1914The Thorn in the Flesh
0%
Novel1912The Trespasser
0%
Novella1930The Virgin and the Gipsy
0%
Short Story Collection1930The Virgin and the Gipsy and Other Stories
0%
Poem1916The Virgin Mother
0%
Poetry Collection1964The White Horse
0%
Short Story1914The White Stocking
0%
Play1914The Widowing of Mrs. Holroyd
0%
Poem1916The Wild Common
0%
Short Story1925The Wilful Woman
0%
Short Story1928The Woman Who Rode Away
0%
Short Story Collection1928The Woman Who Rode Away and Other Stories
0%
Poem1918Thief in the Night
0%
Short Story1922Tickets, Please
0%
Poem1919Tommies in the Train
0%
Poem1921Tortoise Family Connections
0%
Poem1921Tortoise Gallantry
0%
Poetry Collection1921Tortoises
0%
Poem1921Tortoise-Shell
0%
Poem1921Tortoise Shout
0%
Play1920Touch and Go
0%
Poem1919Town
0%
Poem1913Transformations
0%
Poem1923Tropic
0%
Poem1916Troth with the Dead
0%
Poem1923Turkey-Cook
0%
Poem1918Twenty Years Ago
0%
Essay Collection1916Twilight in Italy and Other Essays
0%
Short Story1928Two Blue Birds
0%
Poem1918Two-Fold
0%
Poem1918Two Wives
0%
Poem1918Under the Oak
0%
Poem1917Valentine's Night
0%
Poem1913Violets
0%
Poem1916Virgin Youth
0%
Poem1929Wages
0%
Poem1919War-Baby
0%
Poem1929We Are Transmitters
0%
Poem1913Wedding Morn
0%
Poem1917Wedlock
0%
Poem1916Week-night Service
0%
Poem1929When I Read Shakespeare
0%
Poem1913Whether or Not
0%
Poem1917Why Does She Weep?
0%
Poem1917Winter Dawn
0%
Poem1918Winter in the Boulevard
0%
Poem1919Winter-Lull
0%
Short Story1922Wintry Peacock
0%
Poem1929Worm Either Way
0%
Short Story1922You Touched Me
0%

Score Distribution

Percentile by Number Answered

Percent of People with Each Score

Your Score History

You have not taken this quiz